| 000 | 00335nam a2200133Ia 4500 | ||
|---|---|---|---|
| 005 | 20260326235441.0 | ||
| 008 | 260326s9999||||xx |||||||||||||| ||und|| | ||
| 100 | _aMöller, Carlos Manuel | ||
| 245 | 0 |
_aPaginas Coloniales / _cCarlos Manuel Möller |
|
| 260 | _bArte | ||
| 300 | _a280 p. | ||
| 650 | _aARQUITECTURA COLONIAL | ||
| 942 | _cBK | ||
| 999 |
_c7425 _d7425 |
||